| 000 | 00768cam a22002411 4500 | ||
|---|---|---|---|
| 001 | hew63000141 | ||
| 003 | DLC | ||
| 005 | 20260227111512.0 | ||
| 008 | 771011s1963 dcu b f000 0 eng | ||
| 010 | _ahew63000141 | ||
| 035 | _a(OCoLC)3333957 | ||
| 040 |
_aDLC _cGAuA _dOCoLC _dDLC |
||
| 042 | _apremarc | ||
| 050 | 0 | 0 |
_aZ5814.G8 _bU5 |
| 110 | 1 |
_aUnited States. _bOffice of Education. |
|
| 245 | 1 | 0 |
_aPupil marks and school marking systems; _ba selected bibliography _c[prepared by Edith S. Greer. |
| 260 |
_aWashington, _bU.S. Govt. Print. Off., _c1963] |
||
| 300 |
_a22 p. _c26 cm. |
||
| 500 | _a"OE-20051." | ||
| 650 | 0 |
_aGrading and marking (Students) _vBibliography. |
|
| 700 | 1 |
_aGreer, Edith Christine Simanek, _d1904- |
|
| 740 | 0 | _aSchool marking systems. | |
| 999 |
_c34451 _d34451 |
||